Jogadores campeões do CBLOL - Statistics

Estatísticas Gerais
  • Esse quiz foi jogado 47 vezes
    14 desde o último reset
  • A pontuação média é 40 de 62
Estatísticas das Respostas
Jogador % Correto
6x Brtt
100%
1x Brucer
92%
4x Micao
92%
3x Mylon
92%
3x Revolta
92%
7x Robo
92%
4x Tockers
92%
1x 4lan
85%
3x Dynquedo
85%
2x Luci
85%
2x Ranger
85%
4x Redbert
85%
6x Tinowns
85%
5x Titan
85%
4x Ceos
77%
3x Jockster
77%
2x Kami
77%
1x Minerva
77%
1x Shrimp
77%
2x Tay
77%
1x Wiz
77%
3x Yang
77%
1x Yoda
77%
2x Aegis
69%
2x Cariok
69%
4x Croc
69%
2x Dioud
69%
1x Goku
69%
2x Guigo
69%
2x Jojo
69%
1x Lep
69%
1x Manajj
69%
1x Mills
69%
1x Sacy
69%
2x Sirt
69%
1x Absolut
62%
1x Duds
62%
2x Grevthar
62%
1x Kuri
62%
1x Nappon
62%
3x Route
62%
1x Wizer
62%
1x Brance
54%
2x Riyev
54%
2x Shini
54%
1x Tutsz
54%
1x Vvvert
54%
1x Alocs
46%
2x Envy
46%
1x Loop
46%
1x Parang
46%
1x Danagorn
38%
1x Espeon
38%
1x Marf
38%
1x Suno
38%
1x Winged
38%
2x Zantins
38%
1x Avenger
31%
1x Rafes
31%
1x Snowlz
31%
1x Venon
31%
1x Dans
23%
Nenhum quiz correspondente encontrado
Distribuição das Pontuações
Porcentagem de Pessoas com Cada Pontuação
Percentil de Números Respondidos
Sua Pontuação Histórica
Você não jogou esse quiz desde o último reset